[Event "Capablanca Memorial Elite 39th"]
[Site "Havana"]
[Date "2004.05.07"]
[Round "2"]
[White "Gonzalez Vidal, Yuri"]
[Black "Morovic Fernandez, Ivan"]
[Result "1-0"]
[WhiteElo "2481"]
[BlackElo "2583"]
[Annotator "Gofshtein,L"]
[PlyCount "69"]
[EventDate "2004.05.06"]
[EventType "tourn"]
[EventRounds "11"]
[EventCountry "CUB"]
[EventCategory "13"]
[SourceTitle "CBM 101"]
[Source "ChessBase"]
[SourceDate "2004.07.27"]
[SourceVersion "1"]
[SourceVersionDate "2004.07.27"]
[SourceQuality "1"]

1. e4 c5 2. Nf3 d6 3. d4 cxd4 4. Nxd4 Nf6 5. Nc3 Nc6 6. Bg5 Bd7 {Black chooses
a relatively rare line, leading to an interesting tactical battle} 7. Qd2 Nxd4
{7...Rc8 was also played which leads to another line after:} (7... Rc8 8. f4
Nxd4 9. Qxd4 (9. Qxd4 Qa5 10. e5 {A number of supporters of this variation for
black was lowened after that white adopted this strong line, for example:} dxe5
11. fxe5 e6 12. O-O-O Rxc3 (12... Bc6 13. Nb5 Bxb5 14. exf6 Bc6 15. h4 g6 16.
Bc4 $36 {1-0 Svidler,P-Sherbakov,R/Krasnoyarsk 2003/CBM 98 (26)}) 13. Bd2 Qxa2
14. Bxc3 g6 15. b4 $1 Nd5 16. Bc4 Bh6+ 17. Rd2 Qa3+ 18. Bb2 Qxb4 19. Bxd5 Qxd2+
20. Qxd2 $16 {1-0 Beliavsky,A-Ubilava,E/Ordzhonikidze 1978/EXT 2001 (47)})) 8.
Qxd4 Qa5 9. f4 h6 {In case of 9...e5 as the game below shows white has a clear
advantage} (9... e5 10. Qd2 Be7 11. O-O-O Bc6 12. Kb1 exf4 13. Bxf4 $36 {
1-0 Leko,P-Scarella,E/Buenos Aires ARG-WORLD 1994/CBM 42/[Ernst] (27)}) (9...
Rc8) 10. Bxf6 {10.b4 as the practice showed doesn't promise anything real for
white, for example:} (10. b4 Qd8 11. Bxf6 gxf6 12. Nd5 Bg7 13. Bc4 O-O 14. f5
e6 $132 {1/2-1/2 Tukmakov,V-Radulov,I/Hastings 1972/MCD-r7 (28)}) 10... gxf6
11. O-O-O (11. Bc4 Rc8 12. Bb3 Qc5 13. Qd3 e6 14. O-O-O {1-0 Manik,M-Balinov,I/
Olomouc 1997/CBM 61/[Petursson] (32)}) 11... Rc8 (11... Rg8 12. f5 h5 13. Kb1
Rc8 14. g3 h4 15. gxh4 $16 {1-0 Barskij,V-Dragomarezkij,E/Moscow-ch 1992/EXT
92ch (28)}) 12. Kb1 Qc5 13. Qd3 (13. Qd2 Bg7 (13... e6 14. Bd3 h5 15. Rhf1 a6
16. Qe1 Rg8 17. e5 $5 $13 {1-0 Santo Roman,M-Ubilava,E/Maspalomas 2000/EXT
2001 (28)}) 14. f5 h5 15. Be2 Bh6 16. Qd5 Qxd5 17. Nxd5 h4 18. Rd3 {-see
commented game 0-1 Herrera,I-Franco Ocampos,Z/Havana 1998/CBM 65 [Gofshtein,L]
(39)}) (13. Qxc5 Rxc5 14. Bd3 e6 15. Rhe1 Be7 16. Re3 a6 17. a3 $14 {1/2-1/2
Andersson,F-Vaisanen,A/Stockholm 1996/CBM 57 ext (32)}) 13... f5 (13... Bg7 14.
Be2 a6 15. g4 f5 $1 {[%csl Rc3][%cal Gg7c3]} 16. e5 ({Or} 16. gxf5 Bxc3 17.
Qxc3 Qxc3 18. bxc3 Rxc3 19. Bd3 $132 Rg8 $11) 16... fxg4 17. Rhg1 h5 18. h3 Be6
$1 {[%cal Ge6a2]} 19. hxg4 h4 $13 {1-0 Ponomariov,R-Milov,V/Ohrid 2001/CBM 84/
[Gofshtein,L] (28)}) (13... e6 14. e5 $5 (14. Be2 Rg8 15. e5 $1 {-see
commented game 1-0 Renet,O-Scarella,E/ Buenos Aires 1994/CBM 42 [Boensch,U](35)
})) 14. e5 $5 {[%cal Rd3d7] A natural reaction, white tries to break in the
centre} Bg7 $5 {Black develops the bishop, hoping to get counterplay after 15.
de e6} (14... e6 15. Be2 d5 16. g4 fxg4 17. Ne4 Qb4 18. Nf6+ Kd8 19. Nxd5 exd5
20. Qxd5 Rc7 21. Bxg4 $16 {1-0 Brustman,A-Lendwai,R/Aschach 1997/CBM 63 ext 
(29)}) 15. Be2 {[%cal Re2f3,Rf3b7,Ye2h5,Yh5f7] White develops the bishop,
preparing to put it on f3 or h5} h5 (15... Be6 16. exd6 exd6 17. Nb5 $1 d5 18.
c3 $16) 16. Bf3 b5 17. Rhe1 {Centralizing the rook and preparing to open the
position with exd} h4 (17... b4 18. Nd5 Bb5 19. Qxf5 e6 20. Qg5 $18) (17... Kf8
18. exd6 e6 19. Ne2 $16) 18. exd6 e6 19. Nd5 Kf8 20. Nc7 Qb4 {[%cal Rb4f4,
Yb4b2] After the opening of the position black got some counterplay} 21. Qb3
Qxf4 22. Qa3 {[%cal Ra3c5,Ya3a7] White activizes the queen, planning to enter
the black camp in the future} Kg8 23. Qc5 $1 h3 {23...Qxh2 is dangerous in
view of 24.Bc6.} (23... Qxh2 $6 24. Bc6 $1 Bxc6 25. Qxc6 $18) 24. Bb7 $6 {
White stops half way. 24.Bc6 was very strong, exchanging the strong blocking
bishop and making way for the d-pawn.} (24. Bc6 $1 Bxc6 (24... Rd8 25. Bxd7
Rxd7 26. Nxe6 $18) 25. Qxc6 hxg2 26. Nxe6 $1 Rxc6 27. Nxf4 $18) 24... Rd8 25.
g3 Qc4 26. Qe3 {26.Na6 seemed stronger, activizing the knight} (26. Na6 $5 Qxc5
27. Nxc5 $16) 26... Bf6 {26...Rh6 left black with more chances.} (26... Rh6 $5)
27. g4 $1 {White opens the game immideatly trying to get to the black king.}
fxg4 (27... f4 28. Qf3) 28. Rf1 {[%cal Rf1f6] Transfering the rook to a more
active plave.} Bg7 (28... Kg7 29. Rxf6 $1 Kxf6 30. b3 Qb4 31. Rd4 $18) 29. Qg5
$1 {[%cal Yg5d8] Activizing the queen and breaking into the black camp.} Rf8
30. Qe7 $1 Qb4 31. c3 Bxc3 32. Rf2 $18 {White defends against the black
threats, and his victory is very near.} Bd4 33. Rfd2 Be3 34. Rd3 Bh6 35. Rd4 {
[%cal Rd4g4,Rd4b4]} 1-0

[Event "EU-chT (Men) 12th"]
[Site "Batumi"]
[Date "1999.11.29"]
[Round "1.2"]
[White "Hracek, Zbynek"]
[Black "Krakops, Maris"]
[Result "1-0"]
[WhiteElo "2629"]
[BlackElo "2530"]
[Annotator "Hracek,Z"]
[PlyCount "53"]
[EventDate "1999.11.06"]
[EventType "team-swiss"]
[EventRounds "9"]
[EventCountry "GEO"]
[SourceTitle "CBM 074"]
[Source "ChessBase"]
[SourceDate "2000.02.01"]
[SourceVersion "1"]
[SourceVersionDate "2000.02.01"]
[SourceQuality "1"]
[WhiteTeam "Czech Republic"]
[BlackTeam "Latvia"]
[WhiteTeamCountry "CZE"]
[BlackTeamCountry "LAT"]

1. e4 c5 2. Nf3 Nc6 3. d4 cxd4 4. Nxd4 Nf6 5. Nc3 d6 6. Bg5 Bd7 7. Qd2 Rc8 8.
Be2 a6 (8... Nxd4 $142 9. Qxd4 Qa5 $13) 9. Bxf6 gxf6 10. Nf5 $1 $14 (10. O-O e6
$11) 10... Qb6 (10... Qa5 11. Nd5 Qxd2+ 12. Kxd2 Bxf5 13. exf5 Bh6+ 14. f4 Rg8
(14... e6 15. Nxf6+ Ke7 16. Nh5 $16) 15. g3 $14) 11. O-O Bxf5 12. exf5 Nd4 13.
Nd5 $1 Qxb2 (13... Qc5 14. c4 Nxe2+ 15. Qxe2 Qxc4 16. Qd2 $36 Rc5 (16... Qc2
17. Rac1 Qxf5 (17... Qxd2 18. Rxc8+ Kd7 19. Nb6#) 18. Qa5 $40) 17. Nc7+ $1 Rxc7
18. Rfc1 $16) 14. Rab1 Nxe2+ 15. Qxe2 Qxa2 (15... Qxc2 16. Qf3 $1 {Krakops} b5
17. Rfe1 Kd8 18. Qa3 Qa4 19. Qe3 Rc5 20. Rbc1 $40) 16. Rfd1 (16. Nxf6+ Kd8 17.
Rxb7 Rc7 (17... exf6 18. Re1 Qa4 19. Rxf7 $18) 18. Rxc7 Kxc7 19. Ne4 $40) 16...
b5 17. Qe3 $1 $16 Qc4 18. Nb6 Qc5 19. Nxc8 Qxc8 20. Rxd6 Bh6 21. Qxh6 exd6 22.
Qxf6 Kd7 23. Qxf7+ Kc6 24. c4 Kb6 25. cxb5 axb5 26. Ra1 Qc7 (26... Qb8 27. Qa2
Re8 28. f6 $18) 27. Ra6+ 1-0

[Event "EU-ch 4th"]
[Site "Istanbul"]
[Date "2003.06.06"]
[Round "7"]
[White "Socko, Bartosz"]
[Black "Olcayoz, Alper"]
[Result "1-0"]
[WhiteElo "2577"]
[BlackElo "2310"]
[Annotator "Konikowski,J"]
[PlyCount "81"]
[EventDate "2003.05.30"]
[EventType "swiss"]
[EventRounds "13"]
[EventCountry "TUR"]
[SourceTitle "CBM 096"]
[Source "ChessBase"]
[SourceDate "2003.09.25"]
[SourceVersion "1"]
[SourceVersionDate "2003.09.25"]
[SourceQuality "1"]

1. e4 c5 2. Nf3 d6 3. d4 cxd4 4. Nxd4 Nf6 5. Nc3 Nc6 6. Bg5 Bd7 7. Qd2 Rc8 8.
Nxc6 Bxc6 9. f3 Qa5 10. O-O-O e6 11. Kb1 a6 12. Bf4 {[%cal Rd1d6,Rd2d6,Rf4d6,
Gf8d6]} Rd8 13. g4 h6 14. h4 {[%cal Yg4g5]} b5 15. Bd3 b4 16. Ne2 e5 17. Bh2
Qb6 18. g5 Nd7 19. Bc4 Qc5 20. Bxa6 Ra8 21. Bg1 Qa5 22. Bc4 hxg5 23. Qxg5 Nf6 (
23... Ba4 24. Nc1 $14) 24. Nc1 Rh5 25. Qd2 g5 (25... Be7 $5) 26. Be3 gxh4 27.
Bg5 Nh7 28. Bxh4 Rh6 (28... b3 29. Qxa5 (29. Nxb3 $4 Qxa2+ 30. Kc1 Qa1+ 31.
Nxa1 Rxa1#) 29... bxc2+ 30. Kxc2 Rxa5 31. b4 $18) 29. Bb3 (29. Bf2 $5) 29...
Nf6 30. Bg5 Rg6 31. Rh8 Ng8 (31... Nd7 32. Rdh1 $18) 32. Be3 Rd8 (32... Ba4 33.
Bc4 Rc8 34. Nb3 $18) 33. Qf2 (33. Nd3 $5) 33... Rd7 34. Rg1 Ne7 35. Bg5 (35.
Qh2 $5 Rxg1 36. Qxg1 Ng6 37. Bxf7+ $1 Kxf7 38. Rh7+ Bg7 39. Bh6 $18) 35... Rxg5
36. Rxg5 Ng6 37. Rg8 (37. Rxg6 $5 fxg6 38. Qg3 $18) 37... d5 38. Qg3 Qd8 39.
R5xg6 $1 {[%mdl 512]} fxg6 40. Qxg6+ Ke7 41. Qxc6 1-0

[Event "EU-ch 12th"]
[Site "Aix les Bains"]
[Date "2011.03.31"]
[Round "9"]
[White "Kobalia, Mihail"]
[Black "Tregubov, Pavel V"]
[Result "1-0"]
[WhiteElo "2672"]
[BlackElo "2598"]
[Annotator "Marchand,A/Primel,D"]
[PlyCount "97"]
[EventDate "2011.03.22"]
[EventType "swiss"]
[EventRounds "11"]
[EventCountry "FRA"]
[SourceTitle "CBM 142 Extra"]
[Source "ChessBase"]
[SourceDate "2011.06.27"]
[SourceVersion "1"]
[SourceVersionDate "2011.06.27"]
[SourceQuality "1"]
[TimeControl "40/5400+30:1800+30"]

1. e4 c5 2. Nf3 Nc6 3. d4 cxd4 4. Nxd4 Nf6 5. Nc3 d6 6. Bg5 Bd7 (6... e6) 7.
Qd2 h6 {Trйs risquй} (7... Rc8 $142 {La grande ligne qui est plus solide} 8.
O-O-O (8. Nxc6 bxc6 9. O-O-O h6 10. Bf4 e5 11. Bg3 Nh5 12. Kb1 Be7 {Robson,R 
(2596)-Reshetnikov,A (2514) Moscow op-D 2012 (5) 1-0} (12... Nxg3 13. hxg3 Be7
14. Bc4 Rb8 $13 {Dembo})) 8... Nxd4 9. Qxd4 Qa5 10. Bd2 a6 11. Kb1 Qc5 12. Qxc5
Rxc5 13. f3 g6 14. Be3 Rc8 15. Bd4 Bg7 $132 {Dominguez Perez,L (2658)-Dreev,A 
(2705) Dos Hermanas-A 2005 (6) 1/2}) (7... Nxd4) (7... a6) 8. Bxf6 gxf6 9.
O-O-O $14 (9. Nf5 Qa5 10. Ne3 {[%csl Gd5]}) 9... Nxd4 10. Qxd4 Qa5 11. Bc4 (11.
Kb1) (11. f4 $14 {[%cal Gf4f5]}) 11... Rg8 ({RR} 11... Rc8 12. Bb3 Qc5 13. Qd2
a5 14. a4 Bg7 15. f4 h5 16. Kb1 f5 17. e5 e6 18. Qxd6 Qxd6 19. Rxd6 Bf8 20. Rd3
Bc6 21. Nb5 Bxg2 22. Rhd1 Bc5 23. Nd6+ Bxd6 24. Rxd6 Bc6 25. Rg1 Ke7 26. Rg7 {
Shirov,A (2749)-Dreev,A (2660)/Sestao 2010/1/2-1/2}) 12. g3 e6 13. Rhe1 $146 (
13. f4 Be7 14. f5 $14 {[%csl Rf6]} O-O-O 15. Ne2 Rge8 16. Bb3 Kb8 17. Rhe1 Bc8
18. Nf4 Qe5 19. Qd2 Bf8 20. Ba4 Re7 21. fxe6 Bxe6 22. Bb3 Bg4 23. Nd5 Bxd1 24.
Nxe7 Bxc2 25. Kxc2 Bxe7 26. Bxf7 f5 27. Bd5 Bf6 {Bologan,V (2688)-Malakhov,V 
(2715)/Sibenik 2009/1-0 (40)}) 13... Be7 14. Bb3 O-O-O {[%csl Rc8]} 15. Kb1 Kb8
16. Qd3 h5 17. h4 {[%csl Rh5]} Rc8 18. Ne2 Rc5 19. Nd4 Rcc8 20. Re3 Ka8 21. Qe2
Bd8 {[%cal Gd8b6]} 22. Red3 {[%csl Rd6]} (22. Bc4 $5 {[%csl Ra5][%cal Ge3a3]})
22... Bb6 23. a3 Rg4 24. R3d2 a6 25. c3 Bd8 26. Ka2 Be7 27. Qe3 Qc5 $11 28. Re1
a5 29. a4 Rgg8 30. Qd3 Rgd8 31. f4 Rg8 32. Re3 Bd8 33. Qe2 Bb6 34. f5 $1 $36 {
[%csl Rf6]} Rg4 35. Red3 Qe5 (35... d5 $1 {Avec la paire de B, les Noirs ont
intйrкt а ouvrir le centre} 36. exd5 e5 $44) 36. fxe6 fxe6 37. Nf3 Qxe4 38.
Qxe4 Rxe4 39. Rxd6 Bc6 40. Bxe6 Rc7 41. Nd4 $16 Bxd4 42. R2xd4 Rxd4 43. cxd4
Rg7 44. Bb3 f5 $4 (44... Rxg3) 45. d5 Bd7 46. Bd1 Kb8 47. Bxh5 Bxa4 48. Bg6 Re7
49. Re6 1-0

[Event "Ljubljana"]
[Site "Ljubljana"]
[Date "1997.??.??"]
[Round "6"]
[White "Mencinger, Vojko"]
[Black "Efimov, Igor"]
[Result "0-1"]
[WhiteElo "2395"]
[BlackElo "2530"]
[Annotator "Mencinger,V"]
[PlyCount "104"]
[EventDate "1997.05.20"]
[EventType "tourn"]
[EventRounds "11"]
[EventCountry "SLO"]
[EventCategory "9"]
[SourceTitle "CBM 058 Extra"]
[Source "ChessBase"]
[SourceDate "1997.07.29"]
[SourceVersion "1"]
[SourceVersionDate "1997.07.29"]
[SourceQuality "1"]

1. e4 c5 2. Nf3 Nc6 3. d4 cxd4 4. Nxd4 Nf6 5. Nc3 d6 6. Bg5 Bd7 7. Qd2 Rc8 8.
O-O-O Nxd4 9. Qxd4 Qa5 10. Be3 a6 11. f3 e6 12. Kb1 Be7 13. g4 O-O 14. g5 Nh5
15. Qd2 Qc7 16. Bh3 $16 g6 17. Bg4 Rfd8 18. Bxh5 gxh5 19. Bd4 b5 20. Rhg1 Be8
21. Bf6 (21. Ne2 $5 e5 22. Bc3 d5 23. Ba5 dxe4 24. Bxc7 Rxd2 25. Rxd2 Rxc7 26.
fxe4 $18) 21... b4 22. Ne2 d5 23. Bxe7 Qxe7 24. e5 {[#]} d4 25. Nf4 Qc5 26.
Nxh5 Bb5 27. f4 $138 d3 28. cxd3 b3 29. d4 Qc2+ 30. Ka1 Be2 31. Nf6+ Kg7 32. d5
Bxd1 33. Qxd1 exd5 34. axb3 d4 35. Qh5 Qg6 36. Qf3 Qf5 37. h4 Rc5 38. b4 Rxe5
39. Qh5 (39. Nh5+ Kh8 40. Ng3 Re3 41. Qxe3 dxe3 42. Nxf5 e2 43. Ne3 Rd3 44. h5
Rxe3 45. Re1 Kg7) 39... Re7 40. Qh6+ Kh8 41. Nxh7 $2 (41. h5 $1 Rb8 42. Nxh7
Qxh7 43. Qf6+ Kg8 44. Qxe7 Qxh5 45. Qd6 $18) 41... Qg6 42. Qxg6 fxg6 43. Nf6 d3
44. Rd1 Re2 45. h5 d2 46. Kb1 Rc8 47. Ka2 Rc1 48. Rxd2 Rxd2 49. hxg6 Rc6 50.
Ka3 Kg7 51. Ng4 Rd5 52. Ka4 Rb6 0-1

[Event "Olomouc After GP Mladi"]
[Site "Olomouc"]
[Date "1997.??.??"]
[Round "2"]
[White "Manik, Mikulas"]
[Black "Balinov, Ilia"]
[Result "1-0"]
[WhiteElo "2465"]
[BlackElo "2560"]
[Annotator "Petursson,M"]
[PlyCount "63"]
[EventDate "1997.08.05"]
[EventType "tourn"]
[EventRounds "11"]
[EventCountry "CZE"]
[EventCategory "10"]
[SourceTitle "CBM 061"]
[Source "ChessBase"]
[SourceDate "1997.11.23"]
[SourceVersion "1"]
[SourceVersionDate "1997.11.23"]
[SourceQuality "1"]

1. e4 c5 2. Nf3 d6 3. d4 Nf6 4. Nc3 cxd4 5. Nxd4 Nc6 6. Bg5 Bd7 7. Qd2 Nxd4 8.
Qxd4 Qa5 9. f4 h6 (9... e5 10. Qd2 Be7 11. O-O-O Bc6 12. Kb1 exf4 13. Bxf4 O-O
14. Nd5 Bd8 15. Nxf6+ gxf6 16. Qe3 Qh5 17. Bd3 Bb6 18. Qg3+ Kh8 19. Bxd6 Rg8
20. Qf4 Qg5 21. Qxg5 Rxg5 22. g3 Re8 23. Rhe1 Rg4 24. e5 fxe5 25. Bxe5+ Kg8 26.
Bf4 Rxe1 27. Rxe1 h5 28. Bf5 {1-0 Leko,P-Scarella,E/Buenos Aires ARG-WORLD
1994/CBM 42/[Ernst]}) 10. Bxf6 (10. b4 Qd8 11. Bxf6 gxf6 12. Nd5 Bg7 13. Bc4
O-O 14. f5 e6 15. Ne3 b5 16. Bb3 a5 17. Qxd6 a4 18. fxe6 Bxe6 19. Qxd8 Raxd8
20. Bd5 f5 21. O-O-O fxe4 22. Bxe6 fxe6 23. Rxd8 Rxd8 24. Rd1 Rc8 25. Rd6 Kf7
26. Rd7+ Kg6 27. Rd6 Kf7 28. Rd7+ Kg6 {1/2-1/2 Tukmakov,V-Radulov,I/Hastings
1972/MCD-r7}) 10... gxf6 11. Bc4 (11. O-O-O Rg8 12. f5 h5 13. Kb1 Rc8 14. g3 h4
15. gxh4 Rg4 16. h5 Rh4 17. Be2 Bxf5 18. Qf2 Be6 19. Bb5+ Kd8 20. Qxh4 Rxc3 21.
Rxd6+ Kc8 22. Rxe6 Qxb5 23. h6 fxe6 24. h7 Bg7 25. Qg4 Bh8 26. Qg8+ Kc7 27. Rd1
Rh3 28. Qd8+ Kc6 29. Qc8+ {1-0 Barskij,V-Dragomarezkij,E/Moscow-ch 1992/EXT
92ch}) 11... Rc8 12. Bb3 Qc5 13. Qd3 e6 14. O-O-O b5 15. e5 f5 16. g4 b4 17.
Na4 Qa5 18. gxf5 Bxa4 19. exd6 Kd7 20. fxe6+ fxe6 {[%tqu "En","How do you
break up his defences here?","Make another sacrifice!","Take his pawn with
check!","b3e6","",15]} 21. Bxe6+ Kxe6 22. d7 Rxc2+ 23. Kb1 Rxb2+ 24. Kxb2 Bg7+
25. Kb1 Bxd1 {[%tqu "En","Can you find the strongest move here?","Do not
recapture on d1 immediatly.  Give him a good check first!","Bring your rook to
the attack with check!","h1e1","",12]} 26. Re1+ Kf6 (26... Kf7 27. Qc4+ Kg6 28.
Qe6+ Kh5 29. Rxd1 $18) 27. Qd6+ Kf5 28. Qe6+ Kxf4 29. Qe4+ Kg5 30. Rg1+ Kh5 31.
Qg6+ Kh4 32. Qg3+ 1-0

[Event "HUN-ch"]
[Site "Budapest"]
[Date "1991.??.??"]
[Round "4"]
[White "Polgar, Judit"]
[Black "Groszpeter, Attila"]
[Result "1-0"]
[WhiteElo "2550"]
[BlackElo "2480"]
[Annotator "Polgar,J"]
[PlyCount "67"]
[EventDate "1991.12.??"]
[EventType "tourn"]
[EventRounds "9"]
[EventCountry "HUN"]
[EventCategory "12"]
[SourceTitle "CBM 027"]
[Source "ChessBase"]
[SourceDate "1992.04.01"]
[SourceVersion "1"]
[SourceVersionDate "1992.04.01"]
[SourceQuality "1"]

1. e4 {Boensch} c5 2. Nf3 d6 3. d4 cxd4 4. Nxd4 Nf6 5. Nc3 Nc6 6. Bg5 Bd7 7.
Qd2 Rc8 (7... Nxd4 {Informator 52/(194)}) 8. f4 (8. O-O-O {Informator 52/195})
8... Nxd4 9. Qxd4 Qa5 10. e5 dxe5 11. fxe5 e6 12. O-O-O Bc6 13. Bc4 (13. Nb5 {
Informator 52/196}) (13. Nb5 {Boensch} Bxb5 14. exf6 Bc6 15. h4 gxf6 16. Bc4
Rg8 17. Qxf6 {N} (17. Rhe1) 17... Rg6 18. Qf4 h6 19. Bf6 Rxg2 20. Rhf1 Qa4 21.
b3 Qa3+ 22. Kb1 Bg7 23. Bxg7 Rxg7 24. Qf6 Kf8 25. Qxe6 {1-0 Rodriguez,
Am-Gambua,N Bogota Lat Cup (10) 1991}) (13. Bd2 {Boensch}) 13... Nd7 (13... Bc5
$2 {Boensch} 14. Qf4 Nd7 15. Bxe6 $1 fxe6 16. Rhf1 Rf8 17. Qc4 Be7 18. Qxe6 Qc5
(18... Qxe5 19. Rxf8+ Kxf8 20. Bxe7+ $18) 19. Rxf8+ Kxf8 20. Rf1+ $18 {Dvoirys,
S-Poliancev,S URS 1986}) 14. Rhe1 h6 (14... Bb4 $5) (14... Bb4 $5 {Boensch})
15. Bd2 (15. Bh4) 15... Qc5 16. Qf4 g5 17. Qf1 Bg7 18. h4 $2 (18. Ne4 $5 Bxe4
19. Rxe4 O-O 20. h4 (20. Qe2 $5 Nxe5 21. Bb3 $44) 20... Qc6 (20... Nxe5 21. Bb3
) 21. Qe2 Nc5 22. Rg4 b5 23. Bd3 $13) 18... Nxe5 (18... Bxe5 19. hxg5 (19. Ne4)
19... hxg5 20. Ne4 Bxe4 21. Rxe4 $44) 19. Bb3 O-O (19... gxh4 $2 20. Ne4 Bxe4
21. Rxe4 {/\ 22.Bb4}) 20. hxg5 hxg5 21. Qe2 (21. Bxg5 {Boensch} Nd3+) 21... Ng6
$2 (21... g4 $1 22. Rh1 a5 $1 $17) 22. Qh5 $1 $16 Qf5 $6 23. g4 Qf6 24. Bxg5
Nf4 $2 (24... Qf2 {Boensch} 25. Rxe6 $18) 25. Qh4 $18 Qg6 26. Bxf4 b5 27. Qh5
Qxh5 28. gxh5 a5 29. a3 Bf3 30. Rd3 Bxh5 31. Rg3 b4 32. axb4 axb4 33. Ne4 Bg6
34. Rxg6 1-0

[Event "Portoroz op"]
[Site "Portoroz"]
[Date "1995.??.??"]
[Round "?"]
[White "Psakhis, Lev"]
[Black "Kozul, Zdenko"]
[Result "1-0"]
[WhiteElo "2625"]
[BlackElo "2570"]
[Annotator "Psakhis,L"]
[PlyCount "75"]
[EventDate "1995.04.??"]
[EventType "swiss"]
[EventRounds "9"]
[EventCountry "SLO"]
[SourceTitle "CBM 046 Extra"]
[Source "ChessBase"]
[SourceDate "1995.07.01"]
[SourceVersion "1"]
[SourceVersionDate "1995.07.01"]
[SourceQuality "1"]

1. e4 c5 2. Nf3 d6 3. d4 cxd4 4. Nxd4 Nf6 5. Nc3 Nc6 6. Bg5 e6 7. Qd2 a6 8.
O-O-O Bd7 9. f3 Qa5 (9... Be7 $5) 10. Be3 (10. h4 $5 Rc8 11. Kb1 h6 12. Be3 h5
13. Qf2 Qc7 14. Bd3 Ne5 15. Rhe1 b5 16. Nb3 Be7 $13 {Popescu,C-Botvinnik,I/ROM
Ch-t/1993/}) (10. Nb3 Qc7 11. h4 b5 12. h5 h6 13. Bf4 Ne5 14. Bd3 b4 15. Ne2
Nxd3+ 16. Qxd3 e5 17. Be3 Be7 18. g4 Bb5 {Rosselli,B-Aguilar,J/Peru/1993/})
10... Nxd4 (10... b5 11. a3 (11. Kb1 Nxd4 (11... Rc8 12. g4 h6 13. Rg1 Ne5 14.
Nd5 Qxd2 15. Nxf6+ gxf6 16. Bxd2 h5 17. gxh5 Nc6 18. Nxc6 Bxc6 {Kholmov,
R-Hansen,S/Budapest/1991/0,5/18/}) 12. Qxd4 h5 13. a3 Be7 14. Be2 Rb8 15. Na2
O-O 16. Bd2 Qd8 17. Bb4 d5 18. e5 Ne8 19. f4 Bxb4 20. Nxb4 $16 {Werner,M-Syska,
A/BL/9394/}) 11... Rb8 12. Kb1 Ne5 13. Nd5 Qxd2 14. Nxf6+ gxf6 15. Bxd2 Rg8 16.
Rg1 {Magem,J-Garcia,A/Mesa/1993/}) (10... Be7 11. Kb1 b5 12. Nxc6 Bxc6 13. Ne2
Qc7 14. Nd4 O-O 15. g4 Nd7 16. h4 Rac8 17. g5 $14 {Shamkovich,L-Ivanovic,B/
Hamilton/1978/}) 11. Qxd4 (11. Bxd4 $5 Be7 $140 12. Qf2) 11... Rc8 12. Kb1 Be7
13. g4 O-O $2 (13... b5 $5 $132 14. g5 (14. e5 dxe5 15. Qxe5 Qc7) 14... b4) 14.
Qd2 $1 $16 Rc6 (14... Qc7 15. h4 (15. g5 Nh5 16. Bh3 g6 17. Bg4 Ng7 18. h4 $36)
15... b5 16. h5 b4 17. Ne2 Rfd8 18. g5 Ne8 19. g6 $16) 15. g5 Nh5 16. Nd5 Qd8
17. Nxe7+ Qxe7 18. Qb4 $1 f6 (18... Bc8 19. e5 Rd8 20. Bb6 Rd7 21. f4 {/\ 22.
Bg2}) 19. Qxb7 Rfc8 (19... Rxc2 $5 20. Bxa6 $1 (20. Kxc2 $4 Ba4+) 20... fxg5 $6
21. Bb5 $18) 20. Bxa6 $1 fxg5 21. Bxg5 Qf7 (21... Qxg5 22. Qxd7 $18) 22. Rhf1
h6 23. Be3 $18 Nf6 24. Qa7 R8c7 25. Qb8+ Kh7 (25... Be8 $5) 26. e5 $1 (26. Bd3
e5) 26... dxe5 27. Bd3+ e4 $8 28. fxe4 (28. Bxe4+ $5 Nxe4 29. fxe4 Qg6 30. Rf8
$18) 28... e5 29. Bb6 Rc8 30. Qxe5 $1 Rxb6 31. Qd4 Rcb8 32. b3 Kh8 33. e5 Qd5
$8 34. Bc4 $1 Qxd4 35. Rxd4 Ng4 (35... Bh3 36. Rf3 Bg2 37. Rf2) 36. Rxd7 Nxe5
37. Rc7 Rb4 38. Rf4 1-0

[Event "Berlin East AdW 6th"]
[Site "Berlin East"]
[Date "1989.11.21"]
[Round "1"]
[White "Kovalev, Andrei"]
[Black "Tischbierek, Raj"]
[Result "1/2-1/2"]
[WhiteElo "2505"]
[BlackElo "2445"]
[Annotator "Tischbierek,R"]
[PlyCount "87"]
[EventDate "1989.11.21"]
[EventType "tourn"]
[EventRounds "9"]
[EventCountry "DDR"]
[EventCategory "4"]
[SourceTitle "EXT 2008"]
[Source "ChessBase"]
[SourceDate "2007.11.25"]
[SourceVersion "1"]
[SourceVersionDate "2007.11.25"]
[SourceQuality "1"]

1. e4 c5 2. Nf3 d6 3. d4 cxd4 4. Nxd4 Nf6 5. Nc3 Nc6 6. Bg5 Bd7 7. Qd2 Rc8 8.
O-O-O Nxd4 9. Qxd4 Qa5 10. Bd2 a6 11. Kb1 Qc5 12. Qxc5 Rxc5 13. f3 g6 14. Be3
Rc8 15. Bd4 Bg7 16. Nd5 Nh5 17. Nb6 (17. Be3 $5) 17... Rd8 18. Nxd7 Bxd4 19.
Rxd4 Rxd7 20. g3 e6 21. Bc4 Ke7 22. Rhd1 Nf6 23. Bb3 Rhd8 $6 (23... g5 $132)
24. Ba4 b5 25. Bb3 a5 26. c3 Rb8 27. f4 Rb6 28. e5 Ng4 $6 (28... Ne8) 29. a4
bxa4 30. Bxa4 Rd8 31. Rc4 Rb7 32. exd6+ Rxd6 33. Rxd6 Kxd6 34. h3 Ne3 35. Rc6+
Kd5 (35... Ke7 $14) 36. Ra6 Rc7 37. Bc2 Nxc2 38. Rxa5+ Ke4 39. Kxc2 Kf3 40. b4
Kxg3 41. b5 Kxf4 42. Kb3 Ke4 43. b6 (43. Kb4 Kd3 $1) (43. c4 $5 {/\} f5 (43...
e5) 44. b6 Rb7 45. c5 Kd5 46. Kb4 Kc6 47. Ra8 $18) 43... Rb7 44. Rb5 1/2-1/2